| 000 | 00439nam a2200181Ia 4500 | ||
|---|---|---|---|
| 001 | 7825 | ||
| 008 | 140321s9999 xx 000 0 und d | ||
| 020 | _a0-19-510073-5 | ||
| 040 | _cPK-LaUMT | ||
| 082 |
_a 954.042092 _bWOL-N |
||
| 100 | _aWolpert, Stanley | ||
| 245 |
_aNehru : A tryst with destiny _cWolpert, Stanley |
||
| 260 | _c1996 | ||
| 300 | _a546 p. | ||
| 546 | _aEN | ||
| 650 | _aPrime minsiters-India-Biography | ||
| 942 | _cBK | ||
| 999 |
_c9222 _d9222 |
||